Normal view
MARC view
- Grain
Entry Topical Term
001 - CONTROL NUMBER
- control field: 5219
003 - CONTROL NUMBER IDENTIFIER
- control field: OSt
005 - DATE AND TIME OF LATEST TRANSACTION
- control field: 20220618123028.0
008 - FIXED-LENGTH DATA ELEMENTS
- fixed length control field: 220618|| aca||aabn | a|a d
040 ## - CATALOGING SOURCE
- Original cataloging agency: OSt
- Transcribing agency: OSt
150 ## - HEADING--TOPICAL TERM
- Topical term or geographic name as entry element: Grain
670 ## - SOURCE DATA FOUND
- Source citation: Work cat.: (OSt)17525: Kent, N. L. 5217, Kent's technology of cereals :, 2018
